000
00331nam a22001457a 4500
008
210310b ||||| |||| 00| 0 eng d
020
_a
2900072996868
041
_a
eng
080
_2
4th
_a
334.7
082
_a
334.7
100
_a
55
101
_a
MF
245
_a
International Financial Management
_c
Eun,Ch.S
942
_2
udc
_c
BK
999
_c
56219
_d
56219